000
00260nam a22000977a 4500
999
_c
11310
_d
11310
008
190208b ||||| |||| 00| 0 eng d
020
_a
9780199134007
100
_a
Gallabger
_9
7051
245
_a
Physical Education
260
_a
Great Britain
_b
Oxford University Press